|
|
|
|
| LEADER |
00000cam a2200000 7i4500 |
| 001 |
0000001468 |
| 005 |
20010630.0 |
| 090 |
0 |
0 |
|a 674.8
|b FED 1975
|
| 110 |
1 |
0 |
|a FEDERAL Industrial Development Authority
|c Industrial Studies and Surveys Division
|
| 245 |
1 |
3 |
|a An investigation report into the manufacture of wooden toys
|c Industrial Studies and Surveys Unit, Federal Industrial Development Authority
|
| 260 |
0 |
0 |
|a Kuala Lumpur :
|b FIDA ,
|c [1975]
|
| 300 |
|
|
|a 32 p. ;
|c 27 cm.
|
| 500 |
0 |
0 |
|a Wooden toys
|
| 650 |
0 |
0 |
|a Wood products
|
| 998 |
|
|
|a JPSM
|
| 999 |
|
|
|a 0000003132
|b Monograph
|c Open Shelf
|e Default branch
|